Garcia lorca for beginners / (Record no. 4940)

MARC details
000 -LEADER
fixed length control field 00651 a2200193 4500
010 ## - LCCN (DPL NO)
LC control number ENG-86670
020 ## - INTERNATIONAL STANDARD BOOK NUMBER
Terms of availability 175.00
International Standard Book Number 8125029028
035 ## - SYSTEM CONTROL NUMBER
System control number EN-70203
037 ## - SOURCE OF ACQUISITION
Source of stock number/acquisition DBAD / PUB
082 14 - DEWEY DECIMAL CLASSIFICATION NUMBER
Classification number 896.1092
100 1# - MAIN ENTRY--PERSONAL NAME
Personal name Cuitino, Luis Martinez
245 1# - TITLE STATEMENT
Title Garcia lorca for beginners /
Statement of responsibility, etc by Luis Martinez Cuitino ; illustrated by Delia Cancela
260 ## - PUBLICATION, DISTRIBUTION, ETC. (IMPRINT)
Place of publication, distribution, etc Chennai
Name of publisher, distributor, etc Orient Longman
Date of publication, distribution, etc 2005
270 ## - ADDRESS
Address 160 Anna Salai
City Chennai
Postal code 600 002
Electronic mail address chegeneral@orientlongman.com
300 ## - PHYSICAL DESCRIPTION
Extent 172 p.
Dimensions 23 cm (Pbk.)
500 ## - GENERAL NOTE
General note Includes bibliographical refrences and index
700 1# - ADDED ENTRY--PERSONAL NAME
Personal name Cancela, Delia
942 ## - ADDED ENTRY ELEMENTS (KOHA)
Institution code [OBSOLETE] dpl
Item type English Books
Source of classification or shelving scheme Dewey Decimal Classification
Classification part 896.1092
Call number suffix CUI
Holdings
Withdrawn status Lost status Not for loan Collection code Home library Current library Source of acquisition Cost, normal purchase price Full call number Barcode Copy number Cost, replacement price Koha item type
    Not For Loan Non-fiction D.B.Act.Division D.B.Act.Division DBAD/PUB 175.00 896.1092 CUI EN-70203 1 175.00 English Books

© Delhi Public Library
Hit Counter
free hit counter